zpět

Detail výsledku týmu

R.A.M., Jablonec nad Nisou

Datum a čas kvízu

34.5 Celkem bodů Celkový počet nahraných bodů na tomto kvízu bez doplňovacích otázek.
5. Pořadí na kvízu Konečné umístění týmu na tomto kvízu.

Zaznamenané odpovědi

# Otázka Odpověď Body Výsledky
5. Akrobat Roman Kramařík jako pr... 1
2. Náhrada za most, který se v po... 0
2. Chystaná premiéra jednoho muzi... 0
1. Mezi občany od středy míří nov... 1
5. Fotbalisté v jisté evropské ze... 1
6. Tenis jste si vybrali při hlas... 1
7. Ve kterém městě došlo v prosin... 1
7. Jak nazýváme druh úderu, při k... 1
9. Který z povrchů, na kterých se... 1
10. K našim nejlepším tenistkám se... 1